| 000 | 01318nam a22003135i 4500 | ||
|---|---|---|---|
| 999 |
_c28186 _d28157 |
||
| 003 | EG-ScBUE | ||
| 005 | 20200302140523.0 | ||
| 008 | 200219s2015 ua f b 000 0 ara d | ||
| 017 | _a2014 / 2296 | ||
| 020 | _a9789777610421 | ||
| 040 |
_aEG-ScBUE _bara _erda _cEG-ScBUE _dEG-ScBUE |
||
| 043 | _af-ua--- | ||
| 082 | 0 | 4 |
_a344.6204194 _bص غ ي _222 |
| 100 | 1 |
_aصغير، عبد العزيز بن محمد، _eمؤلف. _941960 |
|
| 245 | 1 | 0 |
_aنقل وزراعة الأعضاء البشرية في ضوء الشريعة الإسلامية والقانون الوضعي / _cالأستاذ عبد العزيز بن محمد الصغير. |
| 250 | _aالطبعة الأولى. | ||
| 264 | 1 |
_aالقاهرة : _bالمركز القومي للإصدارات القانونية، _c2015. |
|
| 300 |
_a364 صفحة ؛ _c24 سم |
||
| 336 |
_aنص _btxt _2rdacontent |
||
| 337 |
_aبدون وسيط _bn _2rdamedia |
||
| 338 |
_aمجلد _bnc _2rdacarrier |
||
| 504 | _aيشتمل على إرجاعات ببليوجرافية. | ||
| 541 | _aBook Fair, 2020 | ||
| 650 | 7 |
_aزراعة الأعضاء والأنسجة _xقوانين وتشريعات _zمصر. _2BUEsh |
|
| 650 | 7 |
_aزراعة الأعضاء والأنسجة (فقه إسلامي) _2BUEsh |
|
| 651 | _2BUEsh | ||
| 653 |
_bLLAAWW _cMarch2020 |
||
| 942 | _2ddc | ||